<?xml version="1.0" encoding="UTF-8"?>
<collection xmlns="http://www.loc.gov/MARC21/slim">
 <record>
  <leader>00619pamaa2200193   4500</leader>
  <controlfield tag="001">0000013125</controlfield>
  <controlfield tag="005">20100708090000.0</controlfield>
  <controlfield tag="008">100708                             eng  </controlfield>
  <datafield tag="020" ind1="0" ind2="0">
   <subfield code="a">9780747598770 (pbk.) </subfield>
  </datafield>
  <datafield tag="090" ind1="0" ind2="0">
   <subfield code="a">PR9199.3.A317O97 </subfield>
   <subfield code="b">ADA 2007</subfield>
  </datafield>
  <datafield tag="100" ind1="1" ind2="0">
   <subfield code="a">Adamson </subfield>
  </datafield>
  <datafield tag="245" ind1="1" ind2="4">
   <subfield code="a">The outlander  </subfield>
   <subfield code="c">Gil Adamson.</subfield>
  </datafield>
  <datafield tag="260" ind1="0" ind2="0">
   <subfield code="a">London: </subfield>
   <subfield code="b">Bloomsbury, </subfield>
   <subfield code="c">2007.</subfield>
  </datafield>
  <datafield tag="300" ind1=" " ind2=" ">
   <subfield code="a">389p.; </subfield>
   <subfield code="c">20cm.</subfield>
  </datafield>
  <datafield tag="650" ind1="0" ind2="0">
   <subfield code="a">Women murderers -- </subfield>
   <subfield code="x">Fiction </subfield>
  </datafield>
  <datafield tag="650" ind1="0" ind2="0">
   <subfield code="a">Frontier and pioneer life -- </subfield>
   <subfield code="x">Fiction -- </subfield>
   <subfield code="z">Canada </subfield>
  </datafield>
  <datafield tag="650" ind1="0" ind2="0">
   <subfield code="a">Canada -- </subfield>
   <subfield code="x">History -- </subfield>
   <subfield code="x">1867-1914 -- </subfield>
   <subfield code="x">Fiction </subfield>
  </datafield>
  <datafield tag="650" ind1="0" ind2="0">
   <subfield code="a">Widows -- </subfield>
   <subfield code="x">Fiction </subfield>
  </datafield>
  <datafield tag="901" ind1=" " ind2=" ">
   <subfield code="u">http://www.bloomsbury.com</subfield>
  </datafield>
 </record>
</collection>
